Házunk tája hírek, felhívások

Bibliographic Details
Format: Article
Language:Hungarian
PhysicalDescription:Fotogr.
ISSN:1335-6445
Subjects:

MARC

LEADER 00000nab a2200000 a 4500
001 vtls010086071
003 SK-MaSNL
005 20260319070645.0
008 141024c2010 xo |||||||| 000 b|hun
015 |a SNBRB2010/04  |2 snkbucl 
038 |a SNKBUCL 
040 |a DSZK  |b slo  |c DSZK  |e AACR2 
041 0 |a hun 
044 |a xo  |c SK 
080 |a 37.014  |2 1997 
245 0 0 |a Házunk tája  |b hírek, felhívások 
300 |b Fotogr. 
650 0 7 |a školstvo  |z Slovensko  |x rezortné informácie  |2 snkbucl  |9 1034248 
650 0 7 |a školská politika  |z Slovensko  |x rezortné informácie  |2 snkbucl  |9 1034249 
651 7 |a Slovensko  |x školstvo  |2 snkbucl  |9 1033100 
773 0 |t Katedra  |g Évf. XVII, sz. 8 (2010), o. 36-38  |x 1335-6445 
852 |a SNK  |b KIS3GCP 
852 |a DSZK  |b KIS3GCP 
958 |a HU 
958 |a SK 
999 |c 1781539  |d 1783469